1980s Newsmakers Click Quiz - Statistics

General Stats
  • This quiz has been taken 30 times
  • The average score is 23 of 25
Answer Stats
Hint Answer % Correct
Farrah Fawcett
100%
Sinéad O'Connor
100%
Dolly Parton
100%
River Phoenix
100%
O.J. Simpson
100%
Patrick Swayze
100%
Weird Al Yankovic
100%
Steffi Graf
96%
Wayne Gretzky
96%
Richard Pryor
96%
Brooke Shields
96%
John Candy
93%
Elle Macpherson
93%
Howard Stern
93%
Gary Coleman
89%
Bo Derek
89%
Jesse Jackson
89%
Rodney Dangerfield
86%
Doctor Demento
86%
David Letterman
86%
Tipper Gore
82%
Baby Jessica
82%
Dan Marino
82%
Steven Wright
75%
Ryan White
64%
No matching quizzes found
Score Distribution
Percent of People with Each Score
Percentile by Number Answered
Your Score History
You have not taken this quiz